[Event "Wch U18"]
[Site "Florianopolis"]
[Date "2024.11.06"]
[Round "8"]
[White "Adam, Rafael"]
[Black "Campos Gomez, Manuel"]
[Result "0-1"]
[WhiteElo "2174"]
[BlackElo "2293"]
[PlyCount "38"]
[EventDate "2024.10.29"]
[EventType "swiss"]
[EventRounds "11"]
[EventCountry "BRA"]
[SourceTitle "CB45_2024"]
[Source "ChessBase"]
[SourceDate "2024.11.06"]
[SourceVersion "1"]
[SourceVersionDate "2024.11.06"]
[SourceQuality "1"]

1. d4 d5 2. c4 e6 3. Nf3 Nf6 4. g3 dxc4 5. Bg2 a6 6. a4 Nc6 7. 0-0 Rb8 8. Nc3 Be7 9. e3 b5 10. axb5 axb5 11. Ne5 Nxe5 12. dxe5 Nd7 13. Bc6 b4 14. Ne2 0-0 15. Qd4 Rb6 16. Bxd7 Qxd7 17. Qxc4 Rc6 18. Qd4 Rc5 19. Bd2 Rd5 0-1

[Event "Wch U18"]
[Site "Florianopolis"]
[Date "2024.11.03"]
[Round "6"]
[White "Adam, Rafael"]
[Black "Eirew, David"]
[Result "1-0"]
[WhiteElo "2174"]
[BlackElo "1700"]
[PlyCount "87"]
[EventDate "2024.10.29"]
[EventType "swiss"]
[EventRounds "11"]
[EventCountry "BRA"]
[SourceTitle "CB45_2024"]
[Source "ChessBase"]
[SourceDate "2024.11.06"]
[SourceVersion "1"]
[SourceVersionDate "2024.11.06"]
[SourceQuality "1"]

1. Nf3 d5 2. g3 g6 3. Bg2 Bg7 4. 0-0 e5 5. d3 Nc6 6. Nbd2 Nge7 7. e4 0-0 8. exd5 Nxd5 9. Re1 h6 10. a4 Ndb4 11. a5 Be6 12. Ra4 Qe7 13. b3 b5 14. axb6 axb6 15. Rxa8 Rxa8 16. Nc4 Bxc4 17. bxc4 Ra1 18. c3 Rxc1 19. Qxc1 Nxd3 20. Qe3 Nxe1 21. Nxe1 Na5 22. Bf1 Qe6 23. c5 Nc4 24. Qd3 Na5 25. cxb6 cxb6 26. Bg2 Bf8 27. Bd5 Qf6 28. Qe2 Nc6 29. Nd3 Ne7 30. Be4 Bg7 31. Nb4 Qd6 32. Kg2 f5 33. Bc2 Nc6 34. Qc4+ Kh7 35. Nxc6 e4 36. Bb3 h5 37. Nd4 f4 38. Qg8+ Kh6 39. Qe6 f3+ 40. Kh3 Qc5 41. Qxe4 Qxc3 42. Bf7 Kh7 43. Qxg6+ Kh8 44. Qxh5+ 1-0

[Event "Wch U18"]
[Site "Florianopolis"]
[Date "2024.10.29"]
[Round "1"]
[White "Grebnev, Aleksey"]
[Black "Adam, Rafael"]
[Result "1/2-1/2"]
[WhiteElo "2530"]
[BlackElo "2174"]
[PlyCount "148"]
[EventDate "2024.10.29"]
[EventType "swiss"]
[EventRounds "11"]
[EventCountry "BRA"]
[SourceTitle "CB45_2024"]
[Source "ChessBase"]
[SourceDate "2024.11.06"]
[SourceVersion "1"]
[SourceVersionDate "2024.11.06"]
[SourceQuality "1"]

1. d4 Nf6 2. c4 g6 3. Nc3 Bg7 4. e4 d6 5. Be2 0-0 6. Be3 c5 7. d5 e6 8. Nf3 exd5 9. cxd5 Bg4 10. Nd2 Bxe2 11. Qxe2 Re8 12. 0-0 Na6 13. h3 Nc7 14. a4 Nxe4 15. Ndxe4 f5 16. Nxc5 dxc5 17. Qc4 Bxc3 18. Qxc3 Qxd5 19. Rad1 Qf7 20. Bxc5 Ne6 21. Bd6 Rac8 22. Qb4 Nd8 23. Qd2 Qb3 24. Bb4 Nc6 25. Bc3 Rcd8 26. Qh6 Qf7 27. Qf4 a6 28. a5 Rd5 29. Qh6 Red8 30. Rxd5 Rxd5 31. Re1 Rd7 32. Qg5 Re7 33. Rd1 Kf8 34. Rd6 Ke8 35. h4 Re6 36. Rd1 Qe7 37. Qh6 Ne5 38. f3 Qc5+ 39. Kh1 Re7 40. Qf4 Nc6 41. Kh2 Rd7 42. Rxd7 Kxd7 43. Qh6 Qe7 44. Kg3 Ne5 45. h5 Nd3 46. Kh3 Nf2+ 47. Kh2 Nd3 48. hxg6 hxg6 49. Qd2 Qd6+ 50. g3 Kc6 51. Qe2 Kd7 52. Kg2 g5 53. Qe3 g4 54. fxg4 fxg4 55. Kf1 Kc6 56. Qe4+ Qd5 57. Qxg4 Qh1+ 58. Ke2 Nc1+ 59. Kd2 Nb3+ 60. Kc2 Nc5 61. Qg6+ Kb5 62. Qe8+ Kc4 63. Qe2+ Kd5 64. Qe5+ Kc6 65. Qf6+ Kd5 66. Qf5+ Kc6 67. g4 Qg2+ 68. Kb1 Qe2 69. Qf6+ Ne6 70. Bb4 Qd1+ 71. Ka2 Qa4+ 72. Ba3 Qxg4 73. Qc3+ Kd7 74. Qb3 Qe4 1/2-1/2

[Event "Titled Tuesday intern op 03rd Sep Late"]
[Site "Chess.com INT"]
[Date "2024.09.03"]
[Round "10"]
[White "Adam, Rafael"]
[Black "Fernandez Guillen, Ernesto J"]
[Result "0-1"]
[WhiteElo "2183"]
[BlackElo "2463"]
[PlyCount "78"]
[EventDate "2024.09.03"]
[EventType "swiss (blitz)"]
[EventRounds "11"]
[EventCountry "USA"]
[SourceTitle "EXT 2025"]
[Source "ChessBase"]
[SourceDate "2024.10.14"]
[SourceVersion "1"]
[SourceVersionDate "2024.10.14"]
[SourceQuality "1"]

1. Nf3 Nf6 2. g3 b5 3. Bg2 Bb7 4. 0-0 e6 5. d3 d5 6. e4 dxe4 7. Ng5 Qc8 8. Nxe4 Nxe4 9. Bxe4 Bxe4 10. dxe4 Be7 11. Nc3 Qb7 12. Qe2 a6 13. Bf4 0-0 14. Rad1 c5 15. Bd6 Bxd6 16. Rxd6 Nc6 17. f3 Rad8 18. Rdd1 Nd4 19. Qf2 Qc7 20. Nb1 Rd7 21. c3 Nc6 22. Rd2 Rfd8 23. Rfd1 Ne5 24. Kg2 h5 25. Rxd7 Rxd7 26. Rxd7 Nxd7 27. Qd2 Ne5 28. Na3 c4 29. Nc2 h4 30. Ne1 a5 31. Qd4 f6 32. f4 Nf7 33. Nf3 hxg3 34. hxg3 Qb7 35. Kf2 Nh6 36. e5 Ng4+ 37. Ke2 Kf7 38. exf6 gxf6 39. Qd2 Qe4+ 0-1

[Event "Titled Tuesday intern op 03rd Sep Late"]
[Site "Chess.com INT"]
[Date "2024.09.03"]
[Round "8"]
[White "Adam, Rafael"]
[Black "Khodko, Yurii N"]
[Result "1-0"]
[WhiteElo "2183"]
[BlackElo "2249"]
[PlyCount "149"]
[EventDate "2024.09.03"]
[EventType "swiss (blitz)"]
[EventRounds "11"]
[EventCountry "USA"]
[SourceTitle "EXT 2025"]
[Source "ChessBase"]
[SourceDate "2024.10.14"]
[SourceVersion "1"]
[SourceVersionDate "2024.10.14"]
[SourceQuality "1"]

1. Nf3 Nf6 2. g3 g6 3. Bg2 Bg7 4. 0-0 0-0 5. c4 d6 6. d4 c5 7. Nc3 cxd4 8. Nxd4 Nc6 9. Nxc6 bxc6 10. Bxc6 Rb8 11. Bg2 Qa5 12. Qc2 Be6 13. b3 Rfc8 14. Bd2 Qh5 15. Rac1 d5 16. cxd5 Nxd5 17. Qd3 Nb4 18. Qe3 Rd8 19. Ne4 Nxa2 20. Rc7 Bd4 21. Qg5 Qxg5 22. Bxg5 f6 23. Rxe7 Bxb3 24. Bxf6 Bf7 25. Bxd4 Rxd4 26. Rxa7 Nb4 27. Nf6+ Kg7 28. Nd7 Rb5 29. e3 Rd6 30. f4 Nd3 31. Ne5 Rxe5 32. fxe5 Nxe5 33. Re7 Re6 34. Rfxf7+ Nxf7 35. Rxe6 Ng5 36. Ra6 Nf7 37. Ra7 Kf6 38. Rxf7+ Kxf7 39. Kf2 Kf6 40. Kf3 Ke5 41. h4 h6 42. g4 Kf6 43. Kf4 g5+ 44. hxg5+ hxg5+ 45. Ke4 Ke6 46. Bf1 Kf6 47. Bc4 Ke7 48. Kf5 Kd6 49. Kxg5 Ke5 50. Bd3 Kd5 51. Kf5 Kd6 52. Kf6 Kd5 53. g5 Kd6 54. g6 Kd5 55. g7 Kc5 56. g8Q Kb4 57. Qc4+ Ka5 58. e4 Kb6 59. e5 Ka5 60. e6 Kb6 61. e7 Ka5 62. e8Q Kb6 63. Qeb5+ Ka7 64. Qcc5+ Ka8 65. Qcc6+ Ka7 66. Qbc5+ Kb8 67. Q6b6+ Ka8 68. Qa6+ Kb8 69. Qab5+ Ka8 70. Qe8+ Kb7 71. Qce7+ Kb6 72. Qb8+ Ka5 73. Qbd8+ Ka4 74. Qd4+ Ka5 75. Qea7# 1-0

[Event "Titled Tuesday intern op 03rd Sep Late"]
[Site "Chess.com INT"]
[Date "2024.09.03"]
[Round "3"]
[White "Adam, Rafael"]
[Black "Szpar, Milosz"]
[Result "0-1"]
[WhiteElo "2183"]
[BlackElo "2477"]
[PlyCount "112"]
[EventDate "2024.09.03"]
[EventType "swiss (blitz)"]
[EventRounds "11"]
[EventCountry "USA"]
[SourceTitle "EXT 2025"]
[Source "ChessBase"]
[SourceDate "2024.10.14"]
[SourceVersion "1"]
[SourceVersionDate "2024.10.14"]
[SourceQuality "1"]

1. Nf3 d5 2. g3 Bg4 3. Bg2 Nd7 4. 0-0 c6 5. d3 e5 6. e4 dxe4 7. dxe4 Ngf6 8. Qe1 Bc5 9. h3 Bxf3 10. Bxf3 Nf8 11. Be3 Bxe3 12. Qxe3 Ne6 13. Nd2 Qd4 14. Qxd4 Nxd4 15. c3 Nxf3+ 16. Nxf3 Nd7 17. Rad1 f6 18. Rd2 Nc5 19. Re1 a5 20. Nh4 g6 21. f3 Ke7 22. Red1 a4 23. Ng2 h5 24. h4 Rhd8 25. Ne3 Rxd2 26. Rxd2 Rd8 27. Rxd8 Kxd8 28. Kf1 Nd3 29. Nd1 b5 30. a3 Kc7 31. Ke2 Nc1+ 32. Kd2 Nb3+ 33. Kd3 Kd6 34. Ne3 Ke6 35. Nc2 f5 36. Nb4 Kd6 37. exf5 gxf5 38. Nc2 Ke6 39. Ne3 f4 40. gxf4 exf4 41. Nc2 Ke5 42. Nb4 Nc5+ 43. Ke2 Kd6 44. Nc2 Ne6 45. Kd3 Ke5 46. c4 Nc5+ 47. Kc3 Nb3 48. Kb4 bxc4 49. Kxc4 Nd2+ 50. Kc5 Nxf3 51. Kxc6 Nxh4 52. Kb5 f3 53. Kxa4 Ke4 54. Na1 f2 55. Nb3 Ke3 56. Nd2 Kxd2 0-1

[Event "Titled Tuesday intern op 03rd Sep Late"]
[Site "Chess.com INT"]
[Date "2024.09.03"]
[Round "9"]
[White "Maltsevskaya, Aleksandra"]
[Black "Adam, Rafael"]
[Result "0-1"]
[WhiteElo "2404"]
[BlackElo "2183"]
[PlyCount "126"]
[EventDate "2024.09.03"]
[EventType "swiss (blitz)"]
[EventRounds "11"]
[EventCountry "USA"]
[SourceTitle "EXT 2025"]
[Source "ChessBase"]
[SourceDate "2024.10.14"]
[SourceVersion "1"]
[SourceVersionDate "2024.10.14"]
[SourceQuality "1"]

1. e4 c6 2. d4 d5 3. e5 Bf5 4. c4 e6 5. h4 h5 6. Nc3 Nd7 7. Nge2 Ne7 8. Ng3 Bg6 9. a3 dxc4 10. Bxc4 Nb6 11. Ba2 Ned5 12. Bg5 Nxc3 13. bxc3 Be7 14. Qd2 Bxg5 15. hxg5 Nd5 16. Bxd5 Qxd5 17. f3 0-0-0 18. Rh4 Kb8 19. Kf2 c5 20. Ne2 Qxe5 21. Ra2 cxd4 22. Rxd4 Rxd4 23. Nxd4 h4 24. Rb2 Ka8 25. Qe3 Qxe3+ 26. Kxe3 h3 27. gxh3 Rxh3 28. c4 b6 29. c5 bxc5 30. Nc6 Rh8 31. Ne5 Rc8 32. Kd2 Rc7 33. Kc3 Bf5 34. Nc4 f6 35. gxf6 gxf6 36. Nd6 Bg6 37. Nb5 Rb7 38. a4 a6 39. Nd6 Rxb2 40. Kxb2 Kb8 41. Kc3 Kc7 42. Nc4 Kc6 43. Ne3 e5 44. Ng4 Bh5 45. Nxf6 Bxf3 46. Nh7 Kd5 47. Ng5 e4 48. Nh3 Bg4 49. Nf4+ Ke5 50. Ng2 Bd7 51. Ne3 Bxa4 52. Nc4+ Ke6 53. Kd2 Bc6 54. Ke3 Kd5 55. Nd2 c4 56. Nxe4 a5 57. Nc3+ Kc5 58. Kd2 Kb4 59. Kc2 Be8 60. Na2+ Ka3 61. Nc3 Bg6+ 62. Kc1 Kb3 63. Nd1 c3 0-1

[Event "Titled Tuesday intern op 06th Aug Late"]
[Site "Chess.com INT"]
[Date "2024.08.06"]
[Round "2"]
[White "Adam, Rafael"]
[Black "Adewumi, Tanitoluwa"]
[Result "0-1"]
[WhiteElo "2127"]
[BlackElo "2315"]
[PlyCount "70"]
[EventDate "2024.08.06"]
[EventType "swiss (blitz)"]
[EventRounds "11"]
[EventCountry "USA"]
[SourceTitle "EXT 2025"]
[Source "ChessBase"]
[SourceDate "2024.10.14"]
[SourceVersion "1"]
[SourceVersionDate "2024.10.14"]
[SourceQuality "1"]

1. Nf3 Nf6 2. g3 g6 3. Bg2 Bg7 4. 0-0 0-0 5. c4 c5 6. Nc3 Nc6 7. d4 cxd4 8. Nxd4 Qb6 9. Nb3 d6 10. Be3 Qc7 11. Rc1 Be6 12. Nd5 Qd7 13. Nd4 Rfc8 14. Nxe6 fxe6 15. Nxf6+ Bxf6 16. b3 a5 17. Qd2 a4 18. b4 Ne5 19. c5 d5 20. a3 Qb5 21. f4 Nc4 22. Qd3 Rd8 23. Bh3 Kf7 24. Bd4 b6 25. cxb6 Bxd4+ 26. Qxd4 Rab8 27. e4 Qxb6 28. Qxb6 Rxb6 29. exd5 exd5 30. Rc3 e6 31. Re1 Rdd6 32. Kf2 Nd2 33. Bg2 Nc4 34. Rd1 Rbc6 35. Ke2 Nb2 0-1

[Event "Titled Tuesday intern op 30th Jul Early"]
[Site "Chess.com INT"]
[Date "2024.07.30"]
[Round "10"]
[White "Adam, Rafael"]
[Black "Ejsymont, Blanka"]
[Result "1-0"]
[WhiteElo "2161"]
[BlackElo "1869"]
[PlyCount "133"]
[EventDate "2024.07.30"]
[EventType "swiss (blitz)"]
[EventRounds "11"]
[EventCountry "USA"]
[SourceTitle "EXT 2025"]
[Source "ChessBase"]
[SourceDate "2024.10.14"]
[SourceVersion "1"]
[SourceVersionDate "2024.10.14"]
[SourceQuality "1"]

1. e4 c5 2. Nf3 Nc6 3. d4 cxd4 4. Nxd4 g6 5. c4 Bg7 6. Be3 Nf6 7. Nc3 d6 8. f3 0-0 9. Qd2 Nxd4 10. Bxd4 Be6 11. Be2 Rc8 12. b3 Qa5 13. 0-0 a6 14. Qe3 Nd7 15. Rac1 b5 16. cxb5 axb5 17. Bxg7 Kxg7 18. Bxb5 Kg8 19. Bxd7 Bxd7 20. Nd5 Rce8 21. Rc7 Be6 22. Nxe7+ Kh8 23. Qd4+ f6 24. Ra7 Qc5 25. Qxc5 dxc5 26. Nc6 Ra8 27. Rxa8 Rxa8 28. Rf2 Ra6 29. Nd8 Bd7 30. Nb7 Rc6 31. Rd2 Be6 32. Rd6 Rxd6 33. Nxd6 Kg8 34. Kf2 Kf8 35. Ke3 Ke7 36. Nc4 Kd7 37. Kd3 Kc6 38. f4 f5 39. e5 Bd5 40. g3 Be4+ 41. Kc3 Kd5 42. Nd6 Bf3 43. b4 cxb4+ 44. Kxb4 Ke6 45. Kc5 Bd5 46. a4 Ba8 47. a5 h6 48. a6 g5 49. a7 g4 50. Nc8 h5 51. Nb6 Bb7 52. a8Q Bxa8 53. Nxa8 h4 54. Nc7+ Kd7 55. Nd5 hxg3 56. hxg3 Ke6 57. Kc6 Kf7 58. Kd6 Ke8 59. Nc7+ Kf7 60. e6+ Kf6 61. e7 Kg7 62. e8Q Kh6 63. Qh8+ Kg6 64. Qg8+ Kh6 65. Qg5+ Kh7 66. Ne8 Kh8 67. Qg7# 1-0

[Event "Titled Tuesday intern op 30th Jul Early"]
[Site "Chess.com INT"]
[Date "2024.07.30"]
[Round "6"]
[White "Adam, Rafael"]
[Black "Mihelic, Vesna"]
[Result "0-1"]
[WhiteElo "2161"]
[BlackElo "2151"]
[PlyCount "86"]
[EventDate "2024.07.30"]
[EventType "swiss (blitz)"]
[EventRounds "11"]
[EventCountry "USA"]
[SourceTitle "EXT 2025"]
[Source "ChessBase"]
[SourceDate "2024.10.14"]
[SourceVersion "1"]
[SourceVersionDate "2024.10.14"]
[SourceQuality "1"]

1. Nf3 d5 2. g3 Nf6 3. Bg2 c5 4. 0-0 g6 5. d3 Bg7 6. Nbd2 0-0 7. e4 e6 8. c3 Nc6 9. Qe2 e5 10. exd5 Nxd5 11. Nc4 Re8 12. a4 Bf5 13. Rd1 Qd7 14. Be3 Nd4 15. Qd2 Nb3 16. Qe2 Nxa1 17. Rxa1 b6 18. Nh4 Rad8 19. Nxf5 Qxf5 20. Rd1 f6 21. a5 b5 22. Na3 Nxe3 23. Qxe3 b4 24. cxb4 cxb4 25. Nc4 e4 26. d4 Qb5 27. b3 f5 28. h4 Rd7 29. d5 Rxd5 30. Rxd5 Qxd5 31. Qxa7 Qd1+ 32. Bf1 Bd4 33. Qd7 Bxf2+ 34. Kxf2 Qxd7 35. Nb6 Qd4+ 36. Kg2 e3 37. Bc4+ Kh8 38. Be2 Qd2 39. Kf3 Qd6 40. Nc4 Qd5+ 41. Kf4 Qe4+ 42. Kg5 Kg7 43. h5 h6# 0-1

[Event "Titled Tuesday intern op 30th Jul Early"]
[Site "Chess.com INT"]
[Date "2024.07.30"]
[Round "5"]
[White "Adam, Rafael"]
[Black "Murthy, Pappu LN"]
[Result "0-1"]
[WhiteElo "2161"]
[BlackElo "1838"]
[PlyCount "122"]
[EventDate "2024.07.30"]
[EventType "swiss (blitz)"]
[EventRounds "11"]
[EventCountry "USA"]
[SourceTitle "EXT 2025"]
[Source "ChessBase"]
[SourceDate "2024.10.14"]
[SourceVersion "1"]
[SourceVersionDate "2024.10.14"]
[SourceQuality "1"]

1. Nf3 d5 2. g3 e6 3. Bg2 Nf6 4. 0-0 Bd6 5. d3 0-0 6. Nbd2 h6 7. e4 dxe4 8. dxe4 e5 9. Qe2 Nc6 10. c3 Be6 11. Nc4 Bxc4 12. Qxc4 Qe7 13. Nh4 Qe6 14. Qb5 a6 15. Qe2 Bc5 16. Nf5 Ne7 17. Ne3 c6 18. h4 Rad8 19. f3 Nh5 20. Kh2 Qg6 21. Ng4 f5 22. exf5 Nxf5 23. Qxe5 Bd6 24. Qa5 Nfxg3 25. Rd1 Nf5+ 26. Kh1 Nhg3+ 27. Kg1 Ne2+ 28. Kf2 Bg3+ 29. Kxe2 Qe6+ 30. Ne3 Rxd1 31. Kxd1 Nxe3+ 32. Bxe3 Qxe3 33. Kc2 Qf2+ 34. Kb3 Qxg2 35. Rd1 Qxf3 36. Rd4 Qf7+ 37. Kc2 Re8 38. Qb6 Re2+ 39. Kd3 Qf3+ 40. Kc4 Re8 41. Qxb7 Qe2+ 42. Kc5 Bf2 43. Qxc6 Bxd4+ 44. Kxd4 Qe3+ 45. Kc4 Qe4+ 46. Kc5 Qxc6+ 47. Kxc6 Rb8 48. b4 Rb5 49. a4 Rh5 50. b5 Rxh4 51. bxa6 Rxa4 52. Kb7 h5 53. a7 h4 54. c4 h3 55. c5 h2 56. c6 h1Q 57. Kb6 Ra6+ 58. Kxa6 Qxc6+ 59. Ka5 Qb7 60. a8Q+ Qxa8+ 61. Kb4 Qc6 0-1

[Event "Titled Tuesday intern op 30th Jul Early"]
[Site "Chess.com INT"]
[Date "2024.07.30"]
[Round "11"]
[White "Adam, Rafael"]
[Black "Preobrazhenskaya, Diana"]
[Result "0-1"]
[WhiteElo "2161"]
[BlackElo "2023"]
[PlyCount "58"]
[EventDate "2024.07.30"]
[EventType "swiss (blitz)"]
[EventRounds "11"]
[EventCountry "USA"]
[SourceTitle "EXT 2025"]
[Source "ChessBase"]
[SourceDate "2024.10.14"]
[SourceVersion "1"]
[SourceVersionDate "2024.10.14"]
[SourceQuality "1"]

1. Nf3 Nf6 2. g3 d5 3. Bg2 c5 4. 0-0 Nc6 5. c4 d4 6. e3 e5 7. exd4 cxd4 8. Re1 Bd6 9. Nxe5 Nxe5 10. f4 Nfd7 11. fxe5 Nxe5 12. d3 0-0 13. Bf4 Bg4 14. Qb3 Nf3+ 15. Bxf3 Bxf3 16. Nd2 Bc6 17. Bxd6 Qxd6 18. Ne4 Qg6 19. Nf2 Kh8 20. Re7 f5 21. Rae1 f4 22. R7e6 fxg3 23. Rxg6 gxf2+ 24. Kf1 fxe1Q+ 25. Kxe1 hxg6 26. Qa3 Rae8+ 27. Kd1 Rf2 28. Qd6 Bf3+ 29. Kc1 Re1# 0-1

[Event "Titled Tuesday intern op 30th Jul Late"]
[Site "Chess.com INT"]
[Date "2024.07.30"]
[Round "1"]
[White "Adam, Rafael"]
[Black "Stepanencu, Nicodim Cosmin"]
[Result "0-1"]
[WhiteElo "2161"]
[BlackElo "2296"]
[PlyCount "172"]
[EventDate "2024.07.30"]
[EventType "swiss (blitz)"]
[EventRounds "11"]
[EventCountry "USA"]
[SourceTitle "EXT 2025"]
[Source "ChessBase"]
[SourceDate "2024.10.14"]
[SourceVersion "1"]
[SourceVersionDate "2024.10.14"]
[SourceQuality "1"]

1. Nf3 g6 2. g3 Bg7 3. Bg2 f5 4. 0-0 Nf6 5. d3 0-0 6. Nc3 d5 7. e4 d4 8. Ne2 fxe4 9. Nfxd4 e5 10. Nb3 exd3 11. cxd3 Nc6 12. d4 exd4 13. Nexd4 Nxd4 14. Qxd4 Qxd4 15. Nxd4 Rd8 16. Nb5 c6 17. Nc7 Rb8 18. Be3 Bf5 19. Bxa7 Rbc8 20. Bb6 Nd7 21. Nd5 cxd5 22. Bxd8 Rxd8 23. Bxd5+ Kf8 24. Bxb7 Rb8 25. Bg2 Rxb2 26. a4 Bd4 27. Ra3 Nc5 28. a5 Bd3 29. Rd1 Bxf2+ 30. Kh1 Be2 31. Rc1 Nb3 32. Rc8+ Ke7 33. Be4 Nd2 34. Bd5 Kd6 35. Ba8 Bc5 36. Rc3 Bd4 37. Ra3 Bc5 38. Rc3 Bd4 39. Rc2 Rb1+ 40. Kg2 Bf1+ 41. Kh1 Bd3+ 42. Kg2 Bxc2 43. Rxc2 Rb2 44. Rxb2 Bxb2 45. a6 Bd4 46. Bb7 Ke5 47. h4 Ba7 48. Kh3 h6 49. h5 g5 50. Kg4 Ne4 51. Kf3 Nf6 52. g4 Nd5 53. Kg3 Bd4 54. Kf3 Bc5 55. Bc6 Ne7 56. Bb7 Nd5 57. Bc6 Nb4 58. Bb7 Bb6 59. Kg3 Kd4 60. Kf3 Ba7 61. Bc8 Kd3 62. Bb7 Kd2 63. Be4 Nd3 64. Bb7 Nc5 65. Bc6 Nxa6 66. Bb5 Nc5 67. Be8 Kc3 68. Bg6 Kd4 69. Be8 Ke5 70. Bb5 Ne6 71. Bf1 Bb6 72. Bd3 Nd4+ 73. Kg3 Bc7 74. Bb1 Kd5+ 75. Kh3 Kc4 76. Kg2 Kc3 77. Bg6 Kd2 78. Bf5 Ke3 79. Bc8 Kf4 80. Kh3 Nf3 81. Bd7 Ne5 82. Bc8 Bd6 83. Be6 Kf3 84. Bf5 Bc7 85. Be6 Nd3 86. Bf5 Nf2# 0-1

[Event "Titled Tuesday intern op 30th Jul Early"]
[Site "Chess.com INT"]
[Date "2024.07.30"]
[Round "9"]
[White "Fathy, Elameir"]
[Black "Adam, Rafael"]
[Result "1-0"]
[WhiteElo "2300"]
[BlackElo "2161"]
[PlyCount "45"]
[EventDate "2024.07.30"]
[EventType "swiss (blitz)"]
[EventRounds "11"]
[EventCountry "USA"]
[SourceTitle "EXT 2025"]
[Source "ChessBase"]
[SourceDate "2024.10.14"]
[SourceVersion "1"]
[SourceVersionDate "2024.10.14"]
[SourceQuality "1"]

1. d4 Nf6 2. c4 e6 3. Nf3 d5 4. Nc3 c5 5. cxd5 Nxd5 6. e4 Nxc3 7. bxc3 cxd4 8. cxd4 Bb4+ 9. Bd2 Bxd2+ 10. Qxd2 0-0 11. Rc1 b6 12. Bd3 Bb7 13. 0-0 Nc6 14. d5 exd5 15. exd5 Ne7 16. d6 Ng6 17. Bxg6 hxg6 18. Ne5 Re8 19. Nxf7 Kxf7 20. Rc7+ Kg8 21. Rxb7 Re6 22. Qd5 Qe8 23. Re7 1-0

[Event "Canadian op"]
[Site "Laval"]
[Date "2024.07.18"]
[Round "8"]
[White "Chapdelaine, Gwyn"]
[Black "Adam, Rafael"]
[Result "0-1"]
[WhiteElo "1906"]
[BlackElo "2161"]
[PlyCount "82"]
[EventDate "2024.07.13"]
[EventType "swiss"]
[EventRounds "9"]
[EventCountry "CAN"]
[SourceTitle "EXT 2025"]
[Source "ChessBase"]
[SourceDate "2024.10.14"]
[SourceVersion "1"]
[SourceVersionDate "2024.10.14"]
[SourceQuality "1"]

1. e4 c5 2. Nc3 Nc6 3. Bb5 Nd4 4. Nf3 e6 5. 0-0 a6 6. Bd3 Nc6 7. Re1 g5 8. g3 Be7 9. h3 h5 10. Nh2 d6 11. Bf1 Nf6 12. d3 Rg8 13. Be3 Qc7 14. a4 Bd7 15. Bg2 0-0-0 16. d4 cxd4 17. Bxd4 Nxd4 18. Qxd4 Kb8 19. b4 Rc8 20. Ra3 Ne8 21. Qe3 Qc4 22. Rb1 Bf6 23. e5 Bxe5 24. b5 a5 25. Ne2 Qxc2 26. Rc1 Qb2 27. Rxc8+ Bxc8 28. Nf3 Nc7 29. Nxe5 Qxe5 30. Qd2 Qc5 31. Rb3 Qb6 32. Nd4 e5 33. Nc6+ bxc6 34. Qxd6 Rg6 35. Qxe5 Re6 36. Qxg5 cxb5 37. axb5 Re1+ 38. Kh2 Qxf2 39. g4 h4 40. Qc5 Qf4+ 41. Rg3 hxg3# 0-1

[Event "Canadian op"]
[Site "Laval"]
[Date "2024.07.16"]
[Round "5"]
[White "Gao, Heye"]
[Black "Adam, Rafael"]
[Result "0-1"]
[WhiteElo "1926"]
[BlackElo "2161"]
[PlyCount "136"]
[EventDate "2024.07.13"]
[EventType "swiss"]
[EventRounds "9"]
[EventCountry "CAN"]
[SourceTitle "EXT 2025"]
[Source "ChessBase"]
[SourceDate "2024.10.14"]
[SourceVersion "1"]
[SourceVersionDate "2024.10.14"]
[SourceQuality "1"]

1. e4 c5 2. Nf3 e6 3. d4 cxd4 4. Nxd4 Nc6 5. Nc3 Qc7 6. Be3 a6 7. Be2 b5 8. Nxc6 Qxc6 9. Bf3 Bb7 10. e5 Qc7 11. Bxb7 Qxb7 12. 0-0 Rc8 13. Qd3 Ne7 14. Ne4 Nd5 15. c3 Be7 16. Rad1 Qc7 17. Bd4 0-0 18. Qg3 f5 19. exf6 Qxg3 20. f7+ Rxf7 21. hxg3 Rc6 22. Rfe1 Kf8 23. Nd2 Bf6 24. Nf3 Re7 25. Be5 Kf7 26. Kf1 Rb6 27. Bd4 Rb7 28. Bc5 Re8 29. Nd2 Rc7 30. Ne4 Be7 31. Bxe7 Kxe7 32. Rxd5 exd5 33. Nd6+ Kxd6 34. Rxe8 d4 35. cxd4 Rc1+ 36. Re1 Rc2 37. Re2 Rc1+ 38. Re1 Rc4 39. Re2 Rxd4 40. Rc2 Re4 41. f3 Re5 42. Kf2 h6 43. f4 Rc5 44. Rd2+ Rd5 45. Rc2 h5 46. Kf3 Rd3+ 47. Kf2 g6 48. Re2 Kc5 49. Rc2+ Kd4 50. Re2 a5 51. Rc2 b4 52. Re2 a4 53. Rc2 d5 54. Re2 Kc4 55. Rc2+ Kb5 56. Ke2 Rxg3 57. Kf2 Rd3 58. Ke2 Rd4 59. Ke3 Re4+ 60. Kf3 Re1 61. Rd2 Kc5 62. Rc2+ Kd6 63. a3 bxa3 64. bxa3 Rb1 65. Ke2 Rb3 66. Ra2 d4 67. Rd2 Kd5 68. Ra2 Ke4 0-1

[Event "Canadian op"]
[Site "Laval"]
[Date "2024.07.15"]
[Round "4"]
[White "Adam, Rafael"]
[Black "Gelet, Seymour"]
[Result "0-1"]
[WhiteElo "2161"]
[BlackElo "1980"]
[PlyCount "66"]
[EventDate "2024.07.13"]
[EventType "swiss"]
[EventRounds "9"]
[EventCountry "CAN"]
[SourceTitle "EXT 2025"]
[Source "ChessBase"]
[SourceDate "2024.10.14"]
[SourceVersion "1"]
[SourceVersionDate "2024.10.14"]
[SourceQuality "1"]

1. Nf3 Nf6 2. g3 d5 3. Bg2 c6 4. 0-0 Bg4 5. d3 Nbd7 6. Nbd2 e5 7. h3 Bh5 8. e4 dxe4 9. dxe4 Qc7 10. Qe1 Bxf3 11. Nxf3 a5 12. Bd2 Bc5 13. Bc3 b5 14. a3 0-0 15. h4 Rfe8 16. Bh3 Bb6 17. Nd2 Nc5 18. b3 Ne6 19. Bxe6 Rxe6 20. a4 Ng4 21. Qe2 h5 22. Nf3 b4 23. Bb2 Rd8 24. Rad1 Rxd1 25. Qxd1 Rg6 26. Qd3 Qa7 27. Qd2 Ne3 28. Bxe5 Nxf1 29. Kxf1 Re6 30. Qf4 Bxf2 31. Ng5 Be3 32. Qf5 g6 33. Qf3 Bxg5 0-1

[Event "Laval op"]
[Site "Laval"]
[Date "2024.06.22"]
[Round "3"]
[White "Lin, Leo"]
[Black "Adam, Rafael"]
[Result "1/2-1/2"]
[WhiteElo "2252"]
[BlackElo "2306"]
[PlyCount "101"]
[EventDate "2024.06.21"]
[EventType "swiss"]
[EventRounds "5"]
[EventCountry "CAN"]
[SourceTitle "CBM 221 Extra"]
[Source "ChessBase"]
[SourceDate "2024.09.30"]
[SourceVersion "1"]
[SourceVersionDate "2024.09.30"]
[SourceQuality "1"]

1. e4 c6 2. d4 d5 3. Nd2 dxe4 4. Nxe4 Nf6 5. Nxf6+ exf6 6. Bc4 Bd6 7. Qe2+ Qe7 8. Qxe7+ Kxe7 9. Ne2 Be6 10. Bd3 Nd7 11. Bf4 Nb6 12. Bxd6+ Kxd6 13. 0-0-0 Rhe8 14. b3 Bf5 15. Ng3 Bxd3 16. Rxd3 g6 17. c4 Kd7 18. h4 h5 19. f3 f5 20. Kd2 Re7 21. Ne2 Rae8 22. Nf4 Na8 23. d5 c5 24. a3 Nb6 25. Rc1 Nc8 26. b4 b6 27. bxc5 bxc5 28. Rb3 Nb6 29. a4 Kd6 30. a5 Nd7 31. Rcb1 Ne5 32. Kc3 Nd7 33. Rb7 Ne5 34. Rxe7 Rxe7 35. Nd3 Nxd3 36. Kxd3 f4 37. Kd2 Kc7 38. Rb5 Kd6 39. Rb8 Kc7 40. Rb5 Kd6 41. a6 Re8 42. Rb7 Re7 43. Rxe7 Kxe7 44. Kd3 f5 45. Kc3 Kd6 46. Kb3 Kc7 47. Ka4 Kd7 48. Ka5 Kc7 49. d6+ Kc6 50. Ka4 Kd7 51. Ka5 1/2-1/2

[Event "Laval op"]
[Site "Laval"]
[Date "2024.06.21"]
[Round "1"]
[White "Ghnatios, Ralph"]
[Black "Adam, Rafael"]
[Result "0-1"]
[WhiteElo "2013"]
[BlackElo "2306"]
[PlyCount "51"]
[EventDate "2024.06.21"]
[EventType "swiss"]
[EventRounds "5"]
[EventCountry "CAN"]
[SourceTitle "CBM 221 Extra"]
[Source "ChessBase"]
[SourceDate "2024.09.30"]
[SourceVersion "1"]
[SourceVersionDate "2024.09.30"]
[SourceQuality "1"]

1. e4 c5 2. Nc3 Nc6 3. Nf3 e6 4. d4 cxd4 5. Nxd4 Qc7 6. Be2 a6 7. 0-0 b5 8. Nxc6 Qxc6 9. e5 Bb7 10. Bf3 Qc7 11. Re1 Ne7 12. Bxb7 Qxb7 13. a4 b4 14. Ne4 Nd5 15. c4 bxc3 16. bxc3 Qc6 17. Qd3 Rc8 18. Bd2 Be7 19. Qg3 g6 20. Rec1 Qc4 21. Qf3 0-0 22. Bh6 Rfd8 23. g3 Rc6 24. h4 Rb8 25. Rab1 Rxb1 26. Rxb1 0-1